00530nam a2200181 a 45000010010000000030011000100080041000210350026000620820014000881000017001022450032001192600041001516500018001929420012002109520091002229980020003139990015003330000-9301ELIB.Books110520 1980  a(ELIB.Books)0000-9453 a228 bSmi aSmith, Chuck aWhat the World is Coming to bCost Mesa: The Word For Today c1980 aNew Testament 2ddccBK 00102ddc4070aKBTSbKBTSd2011-05-20l0p11179r2022-01-22 00:00:00w2022-01-22yBK cbate2011-05-20 c9301d9301